Алгоритм для многоуровневой безопасности семантических данных; Современные техника и технологии; Т. 2

Detalles Bibliográficos
Parent link:Современные техника и технологии: сборник трудов XVIII международной научно-практической конференции студентов, аспирантов и молодых ученых, Томск, 9-13 апреля 2012 г/ Национальный исследовательский Томский политехнический университет (ТПУ).— , 2012
Т. 2.— 2012.— [С. 425-426]
Autor principal: Хоанг Ван Кует
Autor Corporativo: Национальный исследовательский Томский политехнический университет (ТПУ)
Otros Autores: Тузовский А. Ф. Анатолий Федорович (научный руководитель)
Sumario:Заглавие с титульного листа
Lenguaje:ruso
Publicado: 2012
Colección:Секция 7: Информатика и управление в технических системах
Materias:
Acceso en línea:http://www.lib.tpu.ru/fulltext/v/Conferences/2012/C2/V2/v2_209.pdf
Formato: MixedMaterials Electrónico Capítulo de libro
KOHA link:https://koha.lib.tpu.ru/cgi-bin/koha/opac-detail.pl?biblionumber=225164

MARC

LEADER 00000nla2a2200000 4500
001 225164
005 20231031200850.0
035 |a (RuTPU)RU\TPU\book\245497 
035 |a RU\TPU\book\245495 
090 |a 225164 
100 |a 20121106d2012 k y0rusy50 ca 
101 0 |a rus 
102 |a RU 
105 |a y z 101zy 
135 |a drcn ---uucaa 
181 0 |a i  
182 0 |a b 
200 1 |a Алгоритм для многоуровневой безопасности семантических данных  |b Электронный ресурс  |f Хоанг Ван Кует  |g Национальный исследовательский Томский политехнический университет (ТПУ) ; науч. рук. А. Ф. Тузовский 
203 |a Текст  |c электронный 
215 |a 1 файл (735 Kb) 
225 1 |a Секция 7: Информатика и управление в технических системах 
230 |a Электронные текстовые данные (1 файл : 735 Kb) 
300 |a Заглавие с титульного листа 
320 |a [Библиогр.: с. 426 (5 назв.)] 
337 |a Adobe Reader 
461 1 |0 (RuTPU)RU\TPU\book\240890  |t Современные техника и технологии  |o сборник трудов XVIII международной научно-практической конференции студентов, аспирантов и молодых ученых, Томск, 9-13 апреля 2012 г  |o в 3 т.  |f Национальный исследовательский Томский политехнический университет (ТПУ)  |d 2012 
463 1 |0 (RuTPU)RU\TPU\book\242828  |t Т. 2  |v [С. 425-426]  |d 2012  |p 473 с. 
610 1 |a электронный ресурс 
610 1 |a труды учёных ТПУ 
610 1 |a алгоритмы 
610 1 |a многоуровневая защита 
610 1 |a безопасность 
610 1 |a семантические исследования 
610 1 |a данные 
700 0 |a Хоанг Ван Кует  |c вьетнамский специалист в области систем управления  |c аспирант Томского политехнического университета  |f 1985-  |2 stltpush  |3 (RuTPU)RU\TPU\pers\30353 
702 1 |a Тузовский  |b А. Ф.  |c специалист в области систем управления  |c профессор Томского политехнического университета, доктор технических наук  |f 1952-  |g Анатолий Федорович  |2 stltpush  |4 727 
712 0 2 |a Национальный исследовательский Томский политехнический университет (ТПУ)  |c (2009- )  |2 stltpush  |3 (RuTPU)RU\TPU\col\15902 
801 2 |a RU  |b 63413507  |c 20130924  |g RCR 
856 4 |u http://www.lib.tpu.ru/fulltext/v/Conferences/2012/C2/V2/v2_209.pdf 
942 |c CF